آج میں کل تو / (Record no. 191653)

MARC details
000 -LEADER
fixed length control field 00617nam a22001937a 4500
005 - DATE AND TIME OF LATEST TRANSACTION
control field 20220831121854.0
010 ## - LCCN (DPL NO)
LC control number UR-11691
020 ## - INTERNATIONAL STANDARD BOOK NUMBER
International Standard Book Number 9789392496523
Terms of availability 300.00
035 ## - SYSTEM CONTROL NUMBER
System control number U-10246
037 ## - SOURCE OF ACQUISITION
Source of stock number/acquisition DBAD/PUB
Stock number -
082 ## - DEWEY DECIMAL CLASSIFICATION NUMBER
Classification number ک
100 ## - MAIN ENTRY--PERSONAL NAME
Personal name مشتاق احمد وانی
245 ## - TITLE STATEMENT
Title آج میں کل تو /
Statement of responsibility, etc مشتاق احمد وانی
Medium ا ر د و
246 ## - VARYING FORM OF TITLE
Title proper/short title Aaj Main Kal Tu /
Remainder of title by Mushtaq Ahmed Wani
260 ## - PUBLICATION, DISTRIBUTION, ETC. (IMPRINT)
Place of publication, distribution, etc New Delhi
Name of publisher, distributor, etc Educational Publishing House
Date of publication, distribution, etc 2021 ء
270 ## - ADDRESS
Address H.O. D1/16, Ansari Road, Darya Ganj
City New Delhi
Postal code 110002
300 ## - PHYSICAL DESCRIPTION
Extent 192 ص
Dimensions 23cm(Hb)
942 ## - ADDED ENTRY ELEMENTS (KOHA)
Source of classification or shelving scheme Dewey Decimal Classification
Item type Urdu Bks
Classification part ک
Call number suffix م ش ت
Holdings
Withdrawn status Lost status Not for loan Collection code Home library Current library Date acquired Source of acquisition Cost, normal purchase price Full call number Barcode Copy number Cost, replacement price Koha item type
      Fiction Sarojini Nagar Sarojini Nagar 31/08/2022 DBAD/PUB 300.00 ک م ش ت U-10246 1 300.00 Urdu Bks

© Delhi Public Library
Hit Counter
free hit counter